BIBLIOTHÈQUE DE LA MAISON DU MEXIQUE

Logo 1 Logo 2

Sociología del renacimiento (notice nᵒ 9841)

détails MARC
000 -Sello discográfico
campo de control de longitud fija 00970nam a2200325 4500
005 - Identificación de versión
campo de control 20250925141403.0
099 ## - fechas locales
Tipo de ítem Koha LIBRO
100 ## - Datos de procesamiento general
Datos de procesamiento general 20031107d19621946m y1spay5003 ba
101 ## - Idioma del recurso
Idioma del texto, banda sonora, etc. Español; Castellano
Idioma de la obra original Alemán
105 ## - Campo de datos codificados: Material textual, monográfico
Datos codificados de monografía y 001zy
200 1# - Título y mención de responsabilidad
Título propio Sociología del renacimiento
Designación general del material texto impreso
Primer mención de responsabilidad Alfred Von Martin
Declaración de responsabilidad subsiguiente traducción Manuel Pedroso
205 ## - Declaración de edición
Declaración de edición 2a ed
210 ## - Publicación, distribución, etc.
Lugar de publicación, distribución, etc. México
Nombre del editor, distribuidor, etc. Fondo de Cultura Económica
Fecha de publicación, distribución, etc. 1962
215 ## - Descripción física
Designación de material específico y extensión del ítem 132 p
Dimensiones 17 cm
345 ## - Nota de información de adquisición
Fuente de adquisición/dirección de la suscripción [OBSOLETO] Donación
410 #1 - Series
Título Colección Popular
Número de volumen 40
454 #1 - Traducción de
Título Soziologie der Renaissance
606 ## - Término temático usado como materia
Elemento de entrada Renacimiento
Número Koha 16291
607 ## - Nombre geográfico utilizado como tema
Elemento de entrada Italia
Subdivisión temática Condiciones sociales
Número Koha 16292
660 ## - Código de área geográfica
Código MX
700 ## - Nombre personal - Responsabilidad primaria
Elemento de entrada Martin
Parte del nombre distinta del elemento de entrada Alfred
Fechas 1882-1979
Adiciones a los nombres que no sean fechas Von
Número Koha 16293
702 ## - Nombre personal - Responsabilidad secundaria
Elemento de entrada Pedroso
Parte del nombre distinta del elemento de entrada Manuel
Número Koha 16294
801 #0 - Fuente de origen
Agencia cm
900 ## -
-- 1/4825
900 ## -
-- 7100316583\071103
942 ## - ELEMENTOS DE ENTRADA SECUNDARIOS (KOHA)
Tipo de ítem Koha Livre
996 ## -
-- MEX
-- 751145101
-- MMAG
-- 008215
-- 082.97 C882 V.40
-- 20230710LIV
Exemplaires
Estatus retirado Estado de daño Estado de pérdida Fecha de adquisición Biblioteca de origen Biblioteca actual Ubicación en estantería Código de barras Precio de reemplazo Signatura topográfica completa No para préstamo Tipo de ítem Koha Nota pública Nota no pública
      05/08/2025 Casa México Paris Casa México Paris   008215 05/08/2025 082.97 C882 V.40   Livre 20230710LIV 751145101